Loading...
Current Events | 6 | 18.33 | 100% | 33% | 50% |
Fine Arts - Classical Music | 14 | 18.57 | 100% | 71% | 29% |
Fine Arts - Other Fine Arts | 12 | 18.33 | 100% | 58% | 25% |
Fine Arts - Painting & Sculpture | 15 | 21.33 | 100% | 87% | 27% |
Geography | 4 | 17.50 | 100% | 50% | 25% |
History - American History | 11 | 20.91 | 100% | 82% | 27% |
History - European History | 11 | 18.18 | 100% | 55% | 27% |
History - Other History | 10 | 22.00 | 100% | 90% | 30% |
History - World History | 13 | 17.69 | 92% | 54% | 31% |
Literature - American Literature | 8 | 21.25 | 100% | 100% | 13% |
Literature - British Literature | 12 | 17.50 | 92% | 83% | 0% |
Literature - European Literature | 11 | 24.55 | 100% | 100% | 46% |
Literature - World Literature | 14 | 20.71 | 100% | 86% | 21% |
Mythology | 2 | 15.00 | 100% | 50% | 0% |
Other Academic | 10 | 19.00 | 90% | 90% | 10% |
Philosophy | 15 | 23.33 | 100% | 100% | 33% |
Religion | 13 | 20.77 | 100% | 77% | 31% |
Science - Biology | 14 | 17.86 | 100% | 64% | 14% |
Science - Chemistry | 10 | 14.00 | 80% | 50% | 10% |
Science - Other Science | 12 | 14.17 | 100% | 25% | 17% |
Science - Physics | 14 | 20.00 | 93% | 64% | 43% |
Social Science | 13 | 20.77 | 92% | 77% | 39% |